Prueba sobre países de Europa - Estadísticas

Estadísticas generales
  • Esta prueba ha sido intentada 118 veces
  • La puntuación promedio es 70 de 90
Estadísticas de respuestas
Pregunta Azulejo Select % Correcto
Países insulares Italia No
92%
Ex-Naciones Yugoslavas Dinamarca No
91%
Países insulares Albania No
90%
Países que tienen color azul en su bandera Alemania No
90%
Países insulares Bulgaria No
90%
Países en el circulo polar ártico Croacia No
90%
Países en el circulo polar ártico España No
90%
Países en el circulo polar ártico Luxemburgo No
90%
Países sin mar Noruega No
90%
Países insulares Países Bajos No
90%
Ex-Naciones Yugoslavas Polonia No
90%
Países que su capital empieza por B Ciudad del Vaticano No
89%
Países que su capital empieza por B Portugal No
89%
Países que tienen color azul en su bandera Suiza No
89%
Países que su capital empieza por B Bélgica
88%
Ex-Naciones Yugoslavas Bosnia y Herzegovina
88%
Países en el circulo polar ártico Francia No
88%
Países que su capital empieza por B Macedonia del Norte No
88%
Países que su capital empieza por B Ucrania No
88%
Países insulares Malta
87%
Países en el circulo polar ártico Rusia
87%
Países con la bandera cuadrada Hungría No
86%
Países insulares Islandia
86%
Países en el circulo polar ártico Islandia
86%
Ex-Naciones Yugoslavas Rumania No
86%
Países en los que pasa o limita el Río Danubio Rusia No
86%
Países por las que pasan los Alpes Serbia No
86%
Países con la bandera cuadrada Bulgaria No
85%
Países que su capital empieza por B Irlanda No
85%
Países que tienen color azul en su bandera Lituania No
85%
Países sin mar Mónaco No
85%
Países insulares Reino Unido
85%
Ex-Naciones Yugoslavas Serbia
85%
Países sin mar Andorra
84%
Países sin mar Austria
84%
Países en el circulo polar ártico Finlandia
84%
Países insulares Grecia No
84%
Países que tienen color azul en su bandera Suecia
84%
Países de los que se disputa si son o no europeos Turquía
84%
Países de los que se disputa si son o no europeos Marruecos No
83%
Países con la bandera cuadrada Turquía No
83%
Países en los que pasa o limita el Río Danubio Austria
82%
Países por las que pasan los Alpes España No
82%
Países insulares Irlanda
82%
Países sin mar Letonia No
82%
Países de los que se disputa si son o no europeos Líbano No
82%
Países en los que pasa o limita el Río Danubio Hungría
81%
Países con la bandera cuadrada Letonia No
81%
Países que su capital empieza por B Rumania
81%
Países con la bandera cuadrada Suiza
81%
Países de los que se disputa si son o no europeos Túnez No
81%
Países que tienen color azul en su bandera Estonia
80%
Países por las que pasan los Alpes Italia
80%
Países con la bandera cuadrada Italia No
80%
Países con la bandera cuadrada Polonia No
80%
Países con la bandera cuadrada Suecia No
80%
Países por las que pasan los Alpes Andorra No
79%
Ex-Naciones Yugoslavas Croacia
78%
Países en los que pasa o limita el Río Danubio Italia No
78%
Países que tienen color azul en su bandera Bielorrusia No
77%
Países por las que pasan los Alpes San Marino No
77%
Países de los que se disputa si son o no europeos Chipre
76%
Países sin mar Kosovo
76%
Países en el circulo polar ártico Reino Unido No
76%
Países que tienen color azul en su bandera Serbia
76%
Países que su capital empieza por B Serbia
76%
Países sin mar Bosnia y Herzegovina No
75%
Ex-Naciones Yugoslavas Bulgaria No
75%
Países que tienen color azul en su bandera Kosovo
75%
Países que tienen color azul en su bandera Letonia No
75%
Países sin mar Bielorrusia
74%
Países sin mar Moldavia
73%
Países de los que se disputa si son o no europeos Georgia
72%
Países en el circulo polar ártico Estonia No
71%
Ex-Naciones Yugoslavas Eslovaquia No
70%
Países por las que pasan los Alpes Luxemburgo No
70%
Países por las que pasan los Alpes Liechtenstein
69%
Países en los que pasa o limita el Río Danubio Suiza No
69%
Países con la bandera cuadrada Ciudad del Vaticano
67%
Países de los que se disputa si son o no europeos Israel No
67%
Países en los que pasa o limita el Río Danubio Alemania
61%
Países de los que se disputa si son o no europeos Azerbaiyán
60%
Países de los que se disputa si son o no europeos Rusia
60%
Países que su capital empieza por B Eslovaquia
59%
Ex-Naciones Yugoslavas Albania No
57%
Países por las que pasan los Alpes Eslovenia
53%
Países en los que pasa o limita el Río Danubio Serbia
46%
Países en los que pasa o limita el Río Danubio Bulgaria
44%
Países por las que pasan los Alpes Mónaco
27%
Países en los que pasa o limita el Río Danubio Ucrania
21%
No se encontraron pruebas coincidentes
Distribución de puntuación
Porcentaje de gente con cada puntuación
Porcentaje por número respondido
Historial de tus puntuaciones
No has intentado esta prueba.